<?xml version="1.0" encoding="UTF-8"?>
<record
    xmlns:xsi="http://www.w3.org/2001/XMLSchema-instance"
    xsi:schemaLocation="http://www.loc.gov/MARC21/slim http://www.loc.gov/standards/marcxml/schema/MARC21slim.xsd"
    xmlns="http://www.loc.gov/MARC21/slim">

  <leader>01564nam a22001937a 4500</leader>
  <controlfield tag="003">OSt</controlfield>
  <controlfield tag="005">20251020172928.0</controlfield>
  <controlfield tag="008">251020b        |||||||| |||| 00| 0 eng d</controlfield>
  <datafield tag="020" ind1=" " ind2=" ">
    <subfield code="a">9789978481349</subfield>
  </datafield>
  <datafield tag="100" ind1=" " ind2=" ">
    <subfield code="a">Sofocles</subfield>
  </datafield>
  <datafield tag="245" ind1=" " ind2=" ">
    <subfield code="a">Edipo Rey</subfield>
  </datafield>
  <datafield tag="260" ind1=" " ind2=" ">
    <subfield code="a">Quito-Ecuador </subfield>
    <subfield code="b">Velasquez &amp; Velasquez</subfield>
    <subfield code="c">2019</subfield>
  </datafield>
  <datafield tag="300" ind1=" " ind2=" ">
    <subfield code="a">110</subfield>
  </datafield>
  <datafield tag="520" ind1=" " ind2=" ">
    <subfield code="a">"Edipo Rey" de S&#xF3;focles es una obra maestra que explora temas universales como el destino, el libre albedr&#xED;o, la culpa y el conocimiento de la verdad. La historia se desarrolla en Tebas, donde una profec&#xED;a advierte que la peste es un castigo divino por el asesinato del antiguo rey Layo. Edipo, ignorando su propio crimen, jura encontrar al culpable y comienza una investigaci&#xF3;n que lo llevar&#xE1; a descubrir una verdad aterradora: &#xE9;l mismo es el asesino de Layo, sin saberlo. A trav&#xE9;s de una serie de revelaciones, se desvela que Layo era su padre y Yocasta, su esposa, es su madre. El descubrimiento de este incesto y parricidio lo lleva a la destrucci&#xF3;n, culminando con el auto destierro y la ceguera voluntaria como s&#xED;mbolo de su arrepentimiento y la tragedia de su destino. La obra se estructura en torno a una investigaci&#xF3;n, donde la verdad se revela gradualmente a trav&#xE9;s de interrogatorios, testimonios y revelaciones. Esta estructura dram&#xE1;tica mantiene al espectador en constante tensi&#xF3;n, creando una atm&#xF3;sfera de suspense e intriga que culmina en el desgarrador final.</subfield>
  </datafield>
  <datafield tag="650" ind1=" " ind2=" ">
    <subfield code="2">Origen del Teatro Clasico </subfield>
  </datafield>
  <datafield tag="650" ind1=" " ind2=" ">
    <subfield code="2">El teatro de Sofocles</subfield>
  </datafield>
  <datafield tag="650" ind1=" " ind2=" ">
    <subfield code="2">Analisis de Edipo Rey</subfield>
  </datafield>
  <datafield tag="942" ind1=" " ind2=" ">
    <subfield code="2">ddc</subfield>
    <subfield code="c">BK</subfield>
    <subfield code="n">0</subfield>
  </datafield>
  <datafield tag="952" ind1=" " ind2=" ">
    <subfield code="0">0</subfield>
    <subfield code="1">0</subfield>
    <subfield code="2">ddc</subfield>
    <subfield code="4">0</subfield>
    <subfield code="7">0</subfield>
    <subfield code="8">F02</subfield>
    <subfield code="a">ISUS</subfield>
    <subfield code="b">ISUS</subfield>
    <subfield code="c">Biblioteca Abierta</subfield>
    <subfield code="d">2025-10-20</subfield>
    <subfield code="i">0443</subfield>
    <subfield code="l">0</subfield>
    <subfield code="p">BIBLIO0443</subfield>
    <subfield code="r">2025-10-20 17:34:28</subfield>
    <subfield code="t">1</subfield>
    <subfield code="w">2025-10-20</subfield>
    <subfield code="y">BK</subfield>
  </datafield>
  <datafield tag="999" ind1=" " ind2=" ">
    <subfield code="c">2013</subfield>
    <subfield code="d">2013</subfield>
  </datafield>
</record>
